00527 2200205 4500001002100000005001500021035002000036007000300056008004100059020002200100082001300122084001900135100001400154245003400168250001100202260003600213300003900249650001000288700002300298INLIS00000000000094020210615072854 a0010-0621000039ta210615 g 0 ind  a978-979-20-3045-7 a741.5592 a741.5592 KOL t0 aKol Ikeno1 aThrobing Tonight /cKol Ikeno aCet. 1 bPT Elex Media Komputindo,c2002 a168 hlm. :bilus. ;c11,5 x 17 cm. aKomik0 aPatsiana T. Sofyan